书目信息 |
| 题名: |
应用光学
|
|
| 作者: | 北京工业学院 编 | |
| 分册: | ||
| 出版信息: | 北京 国防工业出版社 1979.12 |
|
| 页数: | 206页 | |
| 开本: | 26cm | |
| 丛书名: | ||
| 单 册: | ||
| 中图分类: | O439 | |
| 科图分类: | ||
| 主题词: | 光学 | |
| 电子资源: | ||
| ISBN: | ||
| 000 | 00560nam0 2200205 45 | |
| 001 | 0312221749 | |
| 005 | 20040908170358.2 | |
| 010 | @dCNY1.40 | |
| 100 | @a20031222d1979 km y0chiy0120 ea | |
| 101 | @achi | |
| 105 | @a z 000yy | |
| 200 | 1 | @a应用光学@AYing Yong Guang Xue@f北京工业学院编@FBei Jing Gong Ye Xue Yuan Bian |
| 210 | @a北京@c国防工业出版社@d1979.12 | |
| 215 | @a206页@d26cm | |
| 300 | @a高等工业学校教学用书 | |
| 606 | 0 | @a光学 |
| 690 | @aO439@v3 | |
| 701 | 0 | @a北京工业学院@4编 |
| 801 | @aCN@bTSTCL@c20031222 | |
| 905 | @dO439@e20@f1@b165256 | |
| 应用光学/北京工业学院编.-北京:国防工业出版社,1979.12 |
| 206页;26cm |
| 高等工业学校教学用书 |
| ISBN :CNY1.40 |
| ● |
| 相关链接 |
|
|
|
|
正题名:应用光学
索取号:O439/20
 
预约/预借
| 序号 | 登录号 | 条形码 | 馆藏地/架位号 | 状态 | 备注 |
| 1 | 0165254 | 001461368 | 第三借阅区/ [索取号:O439/20] | 在馆 | |
| 2 | 0165255 | 001461322 | 第三借阅区/ [索取号:O439/20] | 在馆 | |
| 3 | 0165256 | 001949930 | 第三借阅区/ [索取号:O439/20] | 在馆 | |
| 4 | 0165257 | 001461359 | 第二样本阅览室/ [索取号:O439/20] | 在馆 |